| 000 | 00792nam a22002297a 4500 | ||
|---|---|---|---|
| 003 | 0 | ||
| 005 | 20251003163727.0 | ||
| 008 | 251003b xxu||||| |||| 00| 0 eng d | ||
| 020 | _a978-1-382-06392-0 | ||
| 050 |
_aTR IB QA 76.9.I5 _b.M33 2025 |
||
| 100 |
_aMackenty, Bill, _eauthor. |
||
| 245 |
_aComputer science : _bcourse book / |
||
| 250 | _a2025 edition. | ||
| 260 |
_aOxford : _bOxford University Press, _c2025. |
||
| 300 |
_a616 pages : _bcolored illustrations ; _c28 cm. |
||
| 500 | _aOxford Resources for IB Diploma Programme | ||
| 504 | _aIncludes bibliographical references. | ||
| 650 |
_aComputer science _vTextbooks. |
||
| 650 |
_aComputer science—Study and teaching (Secondary) _vTextbooks. |
||
| 650 |
_aProgramming (Computer science) _vTextbooks. |
||
| 942 |
_2lcc _cBK |
||
| 999 |
_c368181 _d368181 |
||